Informatika v škole Informačné periodikum o teoretických, metodických otázkach a skúsenostiach z praxe pri uplatňovaní informatiky a výpočtovej techniky na základných a stredných školách

Bibliographic Details
Format: Journal
Language:Slovak
PhysicalDescription:17 zv. 30-35 cm
Online vydanie: Informatika v škole (Online) = ISSN 1336-7323
Published: Bratislava Ústav informácií a prognóz školstva, mládeže a telovýchovy 1988-2004
Bratislava Ústav informácií a prognóz školstva
ISSN:1335-616X
1336-7323
Subjects:

MARC

LEADER 00000cas a2200000 a 4500
001 vtls008880980
003 SK-MaSNL
005 20260228162110.0
008 160624d19882004xo fr p 0 0 b0slo
022 |a 1335-616X 
035 |a (SVKBB03)vtls000047980 
040 |a SVKBB  |b slo  |c SVKBB  |d SNK  |e AACR2 
041 0 |a slo 
044 |a xo  |c SK 
072 7 |a 007  |x Teória systémov. Automatické systémy. Kybernetika. Informačné systémy  |2 konspekt 
072 7 |a 004  |x Počítačová veda. Výpočtová technika. Informačné technológie  |2 konspekt 
080 |a 007+004  |2 2011 
080 |a 004  |2 2011 
080 |a (036)  |2 2011 
080 |a (051)-027.561  |2 2011 
210 0 |a Inform. šk.  |b (Tlačené vyd.) 
222 0 |a Informatika v škole  |b (Tlačené vydanie) 
245 0 0 |a Informatika v škole  |b Informačné periodikum o teoretických, metodických otázkach a skúsenostiach z praxe pri uplatňovaní informatiky a výpočtovej techniky na základných a stredných školách 
260 |a Bratislava  |b Ústav informácií a prognóz školstva, mládeže a telovýchovy  |c 1988-2004 
260 3 |3 2000-2004  |a Bratislava  |b Ústav informácií a prognóz školstva 
300 |a 17 zv.  |c 30-35 cm 
310 |a 2x ročne 
500 |a V roku 2004 Ústav informácií a prognóz školstva ukončil vydávanie časopisu v tlačenej forme 
500 |a Od č. 29/2005 vychádza už iba v elektronickej forme a je vystavené na www.uips.sk 
504 |a Bibliogr. odkazy 
515 |a Má priebežné číslovanie 
530 |a Online vydanie: Informatika v škole (Online) = ISSN 1336-7323 
650 0 7 |a informatika  |2 SNKPH  |9 1124 
650 0 7 |a výpočtová technika  |2 SNKPH  |9 1126 
655 7 |a informačné publikácie  |2 SNKPH  |9 70181 
655 7 |a odborné časopisy  |2 SNKPH  |9 70505 
776 0 |t Informatika v škole (Online)  |x 1336-7323 
910 |a snk 
999 |c 6802  |d 8732 
952 |0 0  |1 0  |4 0  |7 0  |8 0  |a SNK  |b SNK  |d 2015-07-07  |i snk2015/20829  |l 0  |o snkČSB 5387/1999  |p 17A1145506  |r 2026-02-21 19:35:06  |t č. 18  |w 2026-02-21  |y PREZ 
952 |0 0  |1 0  |4 0  |7 0  |8 0  |a SNK  |b SNK  |d 2015-07-07  |i snk2015/20834  |l 0  |o snkČSB 5387/1999 D1  |p 17A1145505  |r 2026-02-21 19:35:06  |t č. 18  |w 2026-02-21  |y PREZ 
952 |0 0  |1 0  |4 0  |7 0  |8 0  |a SNK  |b SNK  |d 2015-07-07  |i snk2015/20847  |l 0  |o snkČSB 5387/2000  |p 17A1145504  |r 2026-02-21 19:35:06  |t č. 19-20  |w 2026-02-21  |y PREZ 
952 |0 0  |1 0  |4 0  |7 0  |8 0  |a SNK  |b SNK  |d 2015-07-07  |i snk2015/20850  |l 0  |o snkČSB 5387/2000 D1  |p 17A1145503  |r 2026-02-21 19:35:06  |t č. 19-20  |w 2026-02-21  |y PREZ 
952 |0 0  |1 0  |4 0  |7 0  |8 0  |a SNK  |b SNK  |d 2015-07-07  |i snk2015/20873  |l 0  |o snkČSB 5387/2001  |p 17A1145502  |r 2026-02-21 19:35:06  |t č. 21-22  |w 2026-02-21  |y PREZ 
952 |0 0  |1 0  |4 0  |7 0  |8 0  |a SNK  |b SNK  |d 2015-07-07  |i snk2015/20876  |l 0  |o snkČSB 5387/2001 D1  |p 17A1145501  |r 2026-02-21 19:35:06  |t č. 21, neúplné  |w 2026-02-21  |y PREZ  |z Chýba č. 22 
952 |0 0  |1 0  |4 0  |7 0  |8 0  |a SNK  |b SNK  |d 2015-07-07  |i snk2015/20880  |l 0  |o snkČSB 5387/2002  |p 17A1145500  |r 2026-02-21 19:35:06  |t č. 23  |w 2026-02-21  |y PREZ 
952 |0 0  |1 0  |4 0  |7 0  |8 0  |a SNK  |b SNK  |d 2015-07-07  |i snk2015/20881  |l 0  |o snkČSB 5387/2002 D1  |p 17A1145499  |r 2026-02-21 19:35:06  |t č. 23  |w 2026-02-21  |y PREZ 
952 |0 0  |1 0  |4 0  |7 0  |8 0  |a SNK  |b SNK  |d 2015-07-07  |i snk2015/20882  |l 0  |o snkČSB 5387/2003  |p 17A1145498  |r 2026-02-21 19:35:06  |t č. 24-26  |w 2026-02-21  |y PREZ 
952 |0 0  |1 0  |4 0  |7 0  |8 0  |a SNK  |b SNK  |d 2015-07-07  |i snk2015/20885  |l 0  |o snkČSB 5387/2003 D1  |p 17A1145497  |r 2026-02-21 19:35:11  |t č. 24-26  |w 2026-02-21  |y PREZ 
952 |0 0  |1 0  |4 0  |7 0  |8 0  |a SNK  |b SNK  |d 2015-07-07  |i snk2015/20887  |l 0  |o snkČSB 5387/2004  |p 17A1145496  |r 2026-02-21 19:35:11  |t č. 27-28  |w 2026-02-21  |y PREZ  |z Časopis Informatika v škole, vychádzal do roku 2004  
952 |0 0  |1 0  |4 0  |7 0  |8 0  |a SNK  |b SNK  |d 2015-07-07  |i snk2015/20888  |l 0  |o snkČSB 5387/2004 D1  |p 17A1145495  |r 2026-02-21 19:35:11  |t č. 27-28  |w 2026-02-21  |y PREZ 
952 |0 0  |1 0  |4 0  |7 0  |8 1  |a SNK  |b SNK  |d 2024-01-03  |i snk2007/14874  |l 0  |o snkČSB 5387/1992  |p 17A1521720  |r 2026-02-21 19:57:51  |t č. 7  |w 2026-02-21  |y PREZ 
952 |0 0  |1 0  |4 0  |7 0  |8 0  |a SNK  |b SNK  |d 2008-12-16  |i snk2008/23540  |l 0  |o snkČSB 5387/1997 D1  |p 17A0463797  |r 2026-02-21 20:07:09  |t č. 16  |w 2026-02-21  |y PREZ 
952 |0 0  |1 0  |4 0  |7 0  |8 7  |a SNK  |b SNK  |d 2025-08-22  |i snk2025/13330  |l 0  |o snkČSB 5387/1992 D1  |p 17A1556233  |r 2026-02-21 20:10:14  |t č. 7  |w 2026-02-21  |y PREZ 
952 |0 0  |1 0  |4 0  |7 0  |8 0  |a SNK  |b SNK  |d 2008-12-16  |i snk2008/23514  |l 0  |o snkČSB 5387/1988  |p 17A0463781  |r 2026-02-21 21:23:13  |t č. 1  |w 2026-02-21  |y PREZ 
952 |0 0  |1 0  |4 0  |7 0  |8 0  |a SNK  |b SNK  |d 2008-12-16  |i snk2008/23515  |l 0  |o snkČSB 5387/1988 D1  |p 17A0463782  |r 2026-02-21 21:23:13  |t č. 1  |w 2026-02-21  |y PREZ 
952 |0 0  |1 0  |4 0  |7 0  |8 0  |a SNK  |b SNK  |d 2008-12-16  |i snk2008/23516  |l 0  |o snkČSB 5387/1989  |p 17A0463783  |r 2026-02-21 21:23:13  |t č. 2  |w 2026-02-21  |y PREZ 
952 |0 0  |1 0  |4 0  |7 0  |8 0  |a SNK  |b SNK  |d 2008-12-16  |i snk2008/23517  |l 0  |o snkČSB 5387/1989 D1  |p 17A0463784  |r 2026-02-21 21:23:13  |t č.2  |w 2026-02-21  |y PREZ 
952 |0 0  |1 0  |4 0  |7 0  |8 0  |a SNK  |b SNK  |d 2008-12-16  |i snk2008/23518  |l 0  |o snkČSB 5387/1990  |p 17A0463785  |r 2026-02-21 21:23:13  |t č. 3  |w 2026-02-21  |y PREZ 
952 |0 0  |1 0  |4 0  |7 0  |8 0  |a SNK  |b SNK  |d 2008-12-16  |i snk2008/23521  |l 0  |o snkČSB 5387/1990 D1  |p 17A0463786  |r 2026-02-21 21:23:13  |t č. 3  |w 2026-02-21  |y PREZ 
952 |0 0  |1 0  |4 0  |7 0  |8 0  |a SNK  |b SNK  |d 2008-12-16  |i snk2008/23524  |l 0  |o snkČSB 5387/1991  |p 17A0463787  |r 2026-02-21 21:23:13  |t č. 4  |w 2026-02-21  |y PREZ 
952 |0 0  |1 0  |4 0  |7 0  |8 0  |a SNK  |b SNK  |d 2008-12-16  |i snk2008/23526  |l 0  |o snkČSB 5387/1993  |p 17A0463788  |r 2026-02-21 21:23:13  |t č. 8-9  |w 2026-02-21  |y PREZ 
952 |0 0  |1 0  |4 0  |7 0  |8 0  |a SNK  |b SNK  |d 2008-12-16  |i snk2008/23528  |l 0  |o snkČSB 5387/1993 D1  |p 17A0463789  |r 2026-02-21 21:23:13  |t č. 8-9  |w 2026-02-21  |y PREZ 
952 |0 0  |1 0  |4 0  |7 0  |8 0  |a SNK  |b SNK  |d 2008-12-16  |i snk2008/23529  |l 0  |o snkČSB 5387/1994  |p 17A0463790  |r 2026-02-21 21:23:13  |t č. 10-11  |w 2026-02-21  |y PREZ 
952 |0 0  |1 0  |4 0  |7 0  |8 0  |a SNK  |b SNK  |d 2008-12-16  |i snk2008/23532  |l 0  |o snkČSB 5387/1994 D1  |p 17A0463791  |r 2026-02-21 21:23:13  |t č. 10-11  |w 2026-02-21  |y PREZ 
952 |0 0  |1 0  |4 0  |7 0  |8 0  |a SNK  |b SNK  |d 2008-12-16  |i snk2008/23533  |l 0  |o snkČSB 5387/1995  |p 17A0463792  |r 2026-02-21 21:23:13  |t č. 12-13  |w 2026-02-21  |y PREZ 
952 |0 0  |1 0  |4 0  |7 0  |8 0  |a SNK  |b SNK  |d 2008-12-16  |i snk2008/23534  |l 0  |o snkČSB 5387/1995 D1  |p 17A0463793  |r 2026-02-21 21:23:15  |t č. 12-13  |w 2026-02-21  |y PREZ 
952 |0 0  |1 0  |4 0  |7 0  |8 0  |a SNK  |b SNK  |d 2008-12-16  |i snk2008/23536  |l 0  |o snkČSB 5387/1996  |p 17A0463794  |r 2026-02-21 21:23:15  |t č. 14-15  |w 2026-02-21  |y PREZ 
952 |0 0  |1 0  |4 0  |7 0  |8 0  |a SNK  |b SNK  |d 2008-12-16  |i snk2008/23538  |l 0  |o snkČSB 5387/1996 D1  |p 17A0463795  |r 2026-02-21 21:23:15  |t č. 14-15  |w 2026-02-21  |y PREZ 
952 |0 0  |1 0  |4 0  |7 0  |8 0  |a SNK  |b SNK  |d 2008-12-16  |i snk2008/23539  |l 0  |o snkČSB 5387/1997  |p 17A0463796  |r 2026-02-21 21:23:15  |t č. 16  |w 2026-02-21  |y PREZ 
952 |0 0  |1 0  |4 0  |7 0  |8 0  |a SNK  |b SNK  |d 2008-12-16  |i snk2008/23541  |l 0  |o snkČSB 5387/1998  |p 17A0463798  |r 2026-02-21 21:23:15  |t č. 17  |w 2026-02-21  |y PREZ 
952 |0 0  |1 0  |4 0  |7 0  |8 0  |a SNK  |b SNK  |d 2008-12-16  |i snk2008/23542  |l 0  |o snkČSB 5387/1998 D1  |p 17A0463799  |r 2026-02-21 21:23:15  |t č. 17  |w 2026-02-21  |y PREZ